[Event "Hastings Masters 2017-18"]
[Site "Hastings ENG"]
[Date "2018.01.03"]
[Round "7.22"]
[White "Anderson, John"]
[Black "Ahluwalia, Amardip"]
[Result "1/2-1/2"]
[WhiteElo "2184"]
[BlackElo "2004"]
[WhiteFideId "405353"]
[BlackFideId "437085"]
[EventDate "2017.12.28"]

1. e4 e5 2. Nf3 Nc6 3. Bb5 a6 4. Bxc6 dxc6 5. O-O Qf6 6. d3 h6 7. Be3 Bd7 8.
Nbd2 Ne7 9. Nc4 Ng6 10. d4 exd4 11. Qxd4 Qxd4 12. Nxd4 O-O-O 13. Rad1 Be7 14. f4
c5 15. Nf3 Bb5 16. b3 f6 17. f5 Nf8 18. Rxd8+ Kxd8 19. Nfd2 b6 20. Bf4 g5 21.
Bg3 Nd7 22. a4 Bc6 23. Re1 Rf8 24. h3 b5 25. axb5 axb5 26. Ne3 Bd6 27. Bxd6 cxd6
28. c4 b4 29. Ra1 Kc8 30. Nd5 Kb7 31. Kf2 h5 32. g3 Ne5 33. Nf3 Nxf3 34. Kxf3
Bxd5 35. exd5 1/2-1/2

[Event "Hastings Masters 2017-18"]
[Site "Hastings ENG"]
[Date "2018.01.03"]
[Round "7.23"]
[White "Woong, Zhi Wei William"]
[Black "Sun, Xinyue"]
[Result "0-1"]
[WhiteTitle "CM"]
[BlackTitle "WFM"]
[WhiteElo "2137"]
[BlackElo "2146"]
[WhiteFideId "5804906"]
[BlackFideId "8600813"]
[EventDate "2017.12.28"]

1. e4 c5 2. Nf3 d6 3. Bb5+ Bd7 4. Bxd7+ Nxd7 5. O-O Ngf6 6. Qe2 e6 7. c3 Be7 8.
d4 d5 9. e5 Ne4 10. Ne1 Qb6 11. f3 cxd4 12. cxd4 Qxd4+ 13. Be3 Qxe3+ 14. Qxe3
Bc5 15. Qxc5 Nexc5 16. f4 Ne4 17. Na3 Rc8 18. Nb5 a6 19. Nd4 Ke7 20. Nef3 Nb8
21. Rad1 Nc6 22. Rfe1 Nxd4 23. Nxd4 Rc4 24. g3 Rhc8 25. a3 a5 26. Kg2 a4 27. Kf3
b5 28. Ke3 Rb8 29. Rc1 Kd7 30. Rc2 Rbc8 31. Rec1 Rxc2 32. Rxc2 Rc4 33. Re2 b4
34. Rc2 Rxc2 35. Nxc2 bxa3 36. Nxa3 Kc6 37. Kd4 Nf2 38. Kc3 Kc5 39. b4+ axb3 40.
Kxb3 Ng4 41. h3 Nf2 42. Kc3 Ne4+ 43. Kd3 Nxg3 44. Nc2 Nf5 45. Ne1 Nh4 46. Kc3
d4+ 47. Kd3 Kd5 48. Nc2 Ng6 49. Nb4+ Kc5 50. Na6+ Kb6 51. Nb8 Nxf4+ 52. Kxd4
Nxh3 0-1

[Event "Hastings Masters 2017-18"]
[Site "Hastings ENG"]
[Date "2018.01.03"]
[Round "7.24"]
[White "Snape, Ian L"]
[Black "Rayner, Francis"]
[Result "1/2-1/2"]
[WhiteElo "2152"]
[BlackElo "2071"]
[WhiteFideId "404489"]
[BlackFideId "1800132"]
[EventDate "2017.12.28"]

1. e4 c5 2. Nf3 a6 3. c4 e6 4. Nc3 Qc7 5. g3 b6 6. Bg2 Bb7 7. O-O d6 8. d4 cxd4
9. Nxd4 Nf6 10. Be3 Be7 11. Rc1 O-O 12. f4 Nbd7 13. Bf2 Rfe8 14. b3 Bf8 15. h3
Nc5 16. Re1 Rad8 17. Nc2 Qb8 18. b4 Ncd7 19. a3 Rc8 20. Qd3 Qa8 21. Kh2 Red8 22.
Bh1 g6 23. Ne3 b5 24. cxb5 axb5 25. Nc2 Rxc3 26. Qxc3 Nxe4 27. Qe3 Nxf2 28. Qxf2
Bxh1 29. Rxh1 Nf6 30. Rhe1 Ne4 31. Qe3 d5 32. Nd4 Nd6 33. Qd3 Rb8 34. Nc6 Rb6
35. Na5 Nc4 36. Re2 Ra6 37. Qd4 Nxa5 38. bxa5 Rxa5 39. Qf6 Bg7 40. Qe7 Bf8 41.
Qd7 Ra7 42. Qxb5 Rxa3 43. Qd7 Qa6 44. Rg2 Ra2 45. Rcc2 Rxc2 46. Rxc2 Qd3 47. Rc7
Qe2+ 48. Kh1 Qf1+ 49. Kh2 Qf2+ 50. Kh1 Qf1+ 1/2-1/2

[Event "Hastings Masters 2017-18"]
[Site "Hastings ENG"]
[Date "2018.01.03"]
[Round "7.25"]
[White "Ramstad, Havard"]
[Black "Willow, Jonah B"]
[Result "1/2-1/2"]
[WhiteElo "1965"]
[BlackElo "2152"]
[WhiteFideId "1511980"]
[BlackFideId "438804"]
[EventDate "2017.12.28"]

1. d4 Nf6 2. c4 c5 3. Nf3 cxd4 4. Nxd4 Nc6 5. Nc2 e6 6. g3 Qb6 7. Bg2 h5 8. h4
Ng4 9. O-O Be7 10. Nc3 Na5 11. b3 Bf6 12. Ne4 Bxa1 13. Nd6+ Kf8 14. Ba3 Kg8 15.
Qxa1 Rh6 16. Qd4 Qxd4 17. Nxd4 Nc6 18. N4b5 b6 19. Bc1 Rh8 20. Rd1 Nf6 21. Nd4
Ba6 22. b4 Rd8 23. Bxc6 dxc6 24. Nxc6 Ra8 25. b5 Bc8 26. Nxc8 Rxc8 27. Ne7+ Kh7
28. Nxc8 Rxc8 29. Bg5 Rxc4 30. Bxf6 gxf6 31. Rd7 Ra4 32. Rxf7+ Kg6 33. Re7 e5
34. Kg2 Rxa2 35. Kf3 Ra5 36. Ke3 Kf5 37. Rh7 Rxb5 38. Rxa7 Rb2 39. Rh7 Kg6 40.
Rb7 b5 41. f3 b4 42. g4 b3 43. Rb6 hxg4 44. fxg4 Rb1 45. g5 Rh1 46. Rxf6+ Kg7
47. Rb6 Rxh4 48. Kd2 Rh3 49. e3 Rh2+ 50. Kd3 b2 51. Ke4 Re2 52. Kxe5 Rxe3+ 1/2-1/2

[Event "Hastings Masters 2017-18"]
[Site "Hastings ENG"]
[Date "2018.01.03"]
[Round "7.26"]
[White "Stanisz, Patryk"]
[Black "Fowler, David"]
[Result "1-0"]
[WhiteElo "2150"]
[BlackElo "1904"]
[WhiteFideId "1123106"]
[BlackFideId "2461595"]
[EventDate "2017.12.28"]

1. d4 d5 2. c4 e6 3. Nc3 c6 4. e3 Nf6 5. Nf3 Nbd7 6. Qc2 Bd6 7. b3 O-O 8. Be2 a6
9. O-O e5 10. cxd5 cxd5 11. dxe5 Nxe5 12. Bb2 Be6 13. Rac1 Qb8 14. g3 Rc8 15.
Qd2 Neg4 16. Qd4 Nxf2 17. Rxf2 Bc5 18. Qd2 Ng4 19. Nd4 Nxf2 20. Kxf2 Qd6 21. Bf3
Re8 22. Nce2 Bd7 23. Nf4 Bb4 24. Qd3 Qh6 25. h4 Rad8 26. Bxd5 Bg4 27. Bxf7+ 1-0

[Event "Hastings Masters 2017-18"]
[Site "Hastings ENG"]
[Date "2018.01.03"]
[Round "7.27"]
[White "Rolvag, Mikael"]
[Black "Dev, Shah"]
[Result "1/2-1/2"]
[BlackTitle "CM"]
[WhiteElo "2113"]
[BlackElo "1877"]
[WhiteFideId "1500481"]
[BlackFideId "35019058"]
[EventDate "2017.12.28"]

1. d4 d5 2. Nf3 Nf6 3. c4 c6 4. e3 g6 5. b3 Bg7 6. Bd3 O-O 7. Bb2 b6 8. O-O Bb7
9. Qe2 e6 10. Rd1 Nbd7 11. Nc3 Qe7 12. cxd5 exd5 13. Ba6 Bxa6 14. Qxa6 Rfc8 15.
Rac1 Bf8 16. Rc2 Rc7 17. Rdc1 Rac8 18. Qd3 Qd8 19. h3 Bd6 20. Nd2 Qe7 21. Rd1
Re8 22. Rdc1 Rec8 23. Rd1 Re8 24. Rdc1 Rec8 1/2-1/2

[Event "Hastings Masters 2017-18"]
[Site "Hastings ENG"]
[Date "2018.01.03"]
[Round "7.28"]
[White "ter Steeg, Marcus"]
[Black "Lochte, Szilvia"]
[Result "0-1"]
[WhiteElo "2066"]
[BlackElo "1850"]
[WhiteFideId "24676799"]
[BlackFideId "708410"]
[EventDate "2017.12.28"]

1. d4 d5 2. c4 c6 3. cxd5 cxd5 4. Nc3 Nf6 5. Bf4 Nc6 6. e3 a6 7. Bd3 e6 8. Rc1
Bd6 9. Bxd6 Qxd6 10. f4 O-O 11. Nf3 Ne7 12. O-O Nf5 13. Re1 b5 14. Ne5 Bb7 15.
Qc2 g6 16. g4 Ng7 17. Qg2 Nd7 18. Rf1 Rac8 19. Nxd7 Qxd7 20. f5 exf5 21. gxf5 b4
22. Ne2 Rxc1 23. Nxc1 Qd6 24. Nb3 Bc8 25. f6 Ne6 26. Qf2 Re8 27. Qh4 Nc7 28. Rf3
Qf8 29. Nc5 a5 30. b3 Rd8 31. Bf1 Rd6 32. Bh3 h5 33. Bf1 Qd8 34. e4 dxe4 35.
Nxe4 Rxd4 36. Qe1 Bb7 37. Re3 Qd5 38. Bg2 Rd1 39. Kf2 Rxe1 40. Kxe1 Qd4 41. Kf2
Nd5 0-1

[Event "Hastings Masters 2017-18"]
[Site "Hastings ENG"]
[Date "2018.01.03"]
[Round "7.29"]
[White "Spanton, Tim R"]
[Black "Tserendorj, Batsaikhan"]
[Result "1/2-1/2"]
[WhiteElo "1880"]
[BlackElo "2066"]
[WhiteFideId "404802"]
[BlackFideId "2023334"]
[EventDate "2017.12.28"]

1. c4 Nf6 2. Nc3 g6 3. g3 Bg7 4. Bg2 O-O 5. d3 Nc6 6. e4 d6 7. Nge2 Bg4 8. h3
Bxe2 9. Nxe2 Nd7 10. O-O Nd4 11. Be3 c5 12. Rb1 a5 13. a3 a4 14. Nc3 Qa5 15. f4
Ra7 16. Kh1 Rb8 17. g4 b5 18. Bxd4 cxd4 19. Nxb5 Rxb5 20. cxb5 Nc5 21. f5 Qxb5
22. fxg6 hxg6 23. Rf3 Be5 24. Qd2 Kg7 25. Rbf1 f6 26. g5 Rb7 27. gxf6+ exf6 28.
R1f2 Qe8 29. Qc2 Rc7 30. Rf1 Ne6 31. Qf2 Qe7 32. h4 g5 33. Bh3 Nf4 34. Rg1 Kf8
35. Bf5 Qg7 36. Qd2 Qh6 37. Qf2 Ng6 38. Rh3 Nf4 39. hxg5 Nxh3 40. gxh6 Nxf2+ 41.
Kg2 Nxd3 42. Kf3 Nxb2 43. h7 Rxh7 44. Bxh7 d3 45. Ke3 Bf4+ 46. Kxf4 d2 47. Kf5
Ke7 48. Rg7+ Kd8 49. Rg1 Ke7 50. Rg7+ Kd8 51. Rg1 d1=Q 52. Rxd1 Nxd1 53. Kxf6
Ne3 54. Ke6 Kc7 55. Bg6 Nc4 56. Be8 1/2-1/2

[Event "Hastings Masters 2017-18"]
[Site "Hastings ENG"]
[Date "2018.01.03"]
[Round "7.30"]
[White "August, Daniel"]
[Black "Lovell, William Pm"]
[Result "0-1"]
[WhiteElo "2056"]
[BlackElo "1688"]
[WhiteFideId "24698075"]
[BlackFideId "431060"]
[EventDate "2017.12.28"]

1. d4 d5 2. Bf4 Nf6 3. e3 c5 4. c3 Nc6 5. Nd2 Bf5 6. Qb3 Qd7 7. Ngf3 c4 8. Qd1
e6 9. b3 Ba3 10. bxc4 Bb2 11. cxd5 exd5 12. Bb5 Bxa1 13. Qxa1 O-O 14. O-O Ne4
15. Nxe4 Bxe4 16. Ne5 Qe6 17. Nxc6 bxc6 18. Ba4 Rfc8 19. Qb2 h6 20. Qb7 g5 21.
Be5 f6 22. Bg3 h5 23. h3 h4 24. Bh2 g4 25. hxg4 Bxg2 26. Kxg2 Qxg4+ 27. Bg3 Rab8
28. Qe7 Rb2 29. Bd1 Qxg3+ 30. Kh1 Qh3+ 31. Kg1 Rf8 32. Bh5 Qf5 33. Kh1 Qh3+ 34.
Kg1 Qf5 35. Kh1 Qe4+ 36. Qxe4 dxe4 37. Bd1 Kh8 38. Bb3 f5 39. Kg2 f4 40. exf4
Rxf4 41. Kh3 Rbxf2 42. Rc1 R2f3+ 43. Kh2 h3 44. c4 e3 45. d5 e2 46. Re1 Re3 47.
d6 Rf2+ 48. Kg1 Rg2+ 49. Kh1 Rf3 0-1

[Event "Hastings Masters 2017-18"]
[Site "Hastings ENG"]
[Date "2018.01.03"]
[Round "7.31"]
[White "Larsen, Andreas"]
[Black "Berger, Konstantin"]
[Result "0-1"]
[WhiteElo "1953"]
[BlackElo "2041"]
[WhiteFideId "1504843"]
[BlackFideId "1271841"]
[EventDate "2017.12.28"]

1. e4 c5 2. a3 g6 3. Nc3 Nc6 4. Nf3 Bg7 5. d3 d6 6. g3 Nf6 7. Bg2 O-O 8. O-O h6
9. h3 Rb8 10. Ne1 Nd4 11. Ne2 b5 12. c3 Nxe2+ 13. Qxe2 a5 14. Be3 Nd7 15. f4 b4
16. axb4 axb4 17. d4 bxc3 18. bxc3 Rb3 19. Qc4 Qb6 20. e5 Qb5 21. Qxb5 Rxb5 22.
Ra7 Rb3 23. dxc5 Rxc3 24. Bd4 Rc4 25. c6 Nxe5 26. Bxe5 dxe5 27. fxe5 Bxe5 28.
Rxe7 Bxg3 29. Bd5 Rf4 30. Rxf4 Bxf4 31. Kg2 Kg7 32. Nc2 Kf6 33. Re4 g5 34. Ne3
Rd8 35. Bc4 Rd2+ 36. Kf3 Bxe3 37. Kxe3 Rc2 38. c7 Rc3+ 39. Kd4 Rxh3 40. Re8 Bd7
41. Bb5 Bf5 42. Rd8 Rh1 43. c8=Q Bxc8 44. Rxc8 Re1 45. Rc6+ Kg7 46. Bd3 g4 47.
Be4 Rf1 48. Rc5 Kf6 0-1

[Event "Hastings Masters 2017-18"]
[Site "Hastings ENG"]
[Date "2018.01.03"]
[Round "7.32"]
[White "Wilson, Matthew R"]
[Black "Munshi, Aditya"]
[Result "0-1"]
[WhiteElo "1782"]
[BlackElo "2001"]
[WhiteFideId "423459"]
[BlackFideId "436720"]
[EventDate "2017.12.28"]

1. e4 c5 2. Nc3 Nc6 3. f4 g6 4. Nf3 Bg7 5. Bb5 Nd4 6. O-O a6 7. Bd3 d6 8. Nxd4
cxd4 9. Ne2 Nf6 10. c3 dxc3 11. bxc3 O-O 12. Bc2 b5 13. d3 Qc7 14. h3 Bb7 15.
Bd2 Nd7 16. Qe1 Rac8 17. Rb1 Nc5 18. Kh1 f5 19. Ng3 e6 20. d4 Nxe4 21. Nxe4 fxe4
22. Bxe4 Bxe4 23. Qxe4 Qc4 24. Rfe1 Rfe8 25. Qe2 Qd5 26. a3 e5 27. fxe5 dxe5 28.
dxe5 Rxe5 29. Qf2 Rf8 30. Rxe5 Qxe5 31. Qe1 Qd6 32. c4 Rd8 33. Bb4 Qc6 34. cxb5
axb5 35. Rc1 Qd7 36. Qe2 h5 37. Re1 Kh7 38. Qe7 Qd5 39. Bc3 Rd7 40. Qe3 Qc4 41.
Bxg7 Rxg7 42. Rc1 Qd5 43. Qc5 Qd3 44. Rc3 Qf1+ 45. Kh2 Qf4+ 46. Kh1 Rd7 47. Rc1
h4 48. Kg1 Qg3 49. Qxb5 Qe3+ 50. Kh2 Qf4+ 51. g3 hxg3+ 52. Kg2 Qf2+ 0-1

[Event "Hastings Masters 2017-18"]
[Site "Hastings ENG"]
[Date "2018.01.03"]
[Round "7.33"]
[White "Howell, Oliver W"]
[Black "Pickersgill, Adrian O"]
[Result "1-0"]
[WhiteElo "1765"]
[BlackElo "1991"]
[WhiteFideId "435929"]
[BlackFideId "404519"]
[EventDate "2017.12.28"]

1. d4 d6 2. e4 Nf6 3. f3 Nbd7 4. c4 e5 5. d5 Be7 6. Nc3 O-O 7. Be3 a5 8. Qd2 Nc5
9. Nge2 Bd7 10. g4 Ne8 11. Ng3 g6 12. O-O-O Bf6 13. Kb1 b6 14. g5 Bg7 15. h4 f6
16. Qh2 Kf7 17. Bh3 Rh8 18. Rdf1 Nd3 19. Qd2 Bxh3 20. Rxh3 Qd7 21. Rhh1 Nc5 22.
f4 Kg8 23. fxe5 fxe5 24. h5 Qe7 25. h6 Bf8 26. Rf3 Nd7 27. Rhf1 Qd8 28. Qf2 Be7
29. Rf8+ Bxf8 30. Qf7# 1-0

[Event "Hastings Masters 2017-18"]
[Site "Hastings ENG"]
[Date "2018.01.03"]
[Round "7.34"]
[White "Witt, Holger"]
[Black "Forster, Matthew"]
[Result "0-1"]
[WhiteElo "1585"]
[BlackElo "1979"]
[WhiteFideId "24678139"]
[BlackFideId "437123"]
[EventDate "2017.12.28"]

1. d4 c5 2. c3 cxd4 3. cxd4 Nf6 4. Nc3 g6 5. Bf4 Bg7 6. Nf3 d6 7. e3 O-O 8. Bd3
Re8 9. O-O Nbd7 10. Bb5 a6 11. Ba4 h6 12. h3 b5 13. Bb3 Bb7 14. Bg3 Rc8 15. Rc1
Nb6 16. Qe2 Qd7 17. Rfd1 Nh5 18. Bh2 Nc4 19. e4 Qc7 20. e5 Bxf3 21. gxf3 dxe5
22. dxe5 Bxe5 23. Bxe5 Qxe5 24. Qxe5 Nxe5 25. Kg2 Nf4+ 26. Kg3 Nfd3 27. Rc2 Nxb2
28. Rd4 Nbd3 29. Nd5 Rxc2 30. Bxc2 Nc5 31. Be4 Nc6 32. Rd1 Nxe4+ 33. fxe4 a5 34.
Rc1 Nd4 35. Rc7 Kf8 36. Ra7 Nc6 37. Rb7 Nd4 38. Ra7 a4 39. Rb7 e6 40. Nc7 Rc8
41. Nxb5 Nxb5 42. Rxb5 Rc2 43. Rb8+ Kg7 44. Rb7 Rxa2 45. Ra7 Ra1 46. Kg2 a3 47.
Ra5 a2 48. f3 g5 49. Ra7 Kg6 50. Ra6 h5 51. Ra5 h4 52. Ra8 Kf6 53. Ra5 Ke7 54.
Ra7+ Kd6 55. Ra6+ Kc5 56. Ra8 Kd4 57. Ra3 Kc4 58. Ra8 e5 59. Rc8+ Kd3 60. Ra8
Kc2 61. Rc8+ Kd1 62. Rd8+ Ke1 63. Ra8 Rd1 64. Rxa2 Rd2+ 65. Rxd2 Kxd2 66. Kf2 f6
67. f4 exf4 68. Kf3 Kd3 0-1

[Event "Hastings Masters 2017-18"]
[Site "Hastings ENG"]
[Date "2018.01.03"]
[Round "7.35"]
[White "Flynn, David"]
[Black "Metcalfe, Charlie P"]
[Result "1/2-1/2"]
[WhiteElo "1876"]
[BlackElo "1705"]
[WhiteFideId "410594"]
[BlackFideId "443883"]
[EventDate "2017.12.28"]

1. e4 e6 2. d4 d5 3. Nd2 dxe4 4. Nxe4 Nd7 5. g3 Ngf6 6. Nxf6+ Nxf6 7. Bg2 c5 8.
Nf3 cxd4 9. Qxd4 Qxd4 10. Nxd4 Bc5 11. Nb3 Bd6 12. O-O O-O 13. Be3 Nd5 14. Bc5
Bxc5 15. Nxc5 Rb8 16. Rfd1 Nf6 17. Rd2 b6 18. Nd3 Bb7 19. Ne5 Bxg2 20. Kxg2 Rbc8
21. c4 h6 22. Rad1 Rfe8 23. f4 g5 24. Kf3 g4+ 25. Ke3 Kg7 26. b3 h5 27. Rd6 Rc7
28. Rd8 Kf8 29. Rxe8+ Kxe8 30. Rd2 Ke7 31. Rf2 Nd7 32. Nxd7 Rxd7 33. Rc2 Rc7 34.
Kd4 Rd7+ 35. Kc3 Rc7 36. Rd2 f6 37. Rd3 Rc8 1/2-1/2

[Event "Hastings Masters 2017-18"]
[Site "Hastings ENG"]
[Date "2018.01.03"]
[Round "7.36"]
[White "Coote, Trevor D"]
[Black "Munkhdemberel, Pagamdulam"]
[Result "1-0"]
[WhiteElo "2104"]
[BlackElo "1175"]
[WhiteFideId "410039"]
[BlackFideId "4907043"]
[EventDate "2017.12.28"]

1. d4 Nf6 2. c4 g6 3. Nc3 Bg7 4. e4 d6 5. Bg5 Nbd7 6. f4 O-O 7. Nf3 c6 8. Qd2 h6
9. Bh4 a5 10. Rd1 Qe8 11. e5 dxe5 12. dxe5 Nh7 13. Be2 Nc5 14. O-O Bf5 15. Nd4
Ne4 16. Nxe4 Bxe4 17. Qe3 Bf5 18. Nxf5 gxf5 19. Qd3 1-0

[Event "Hastings Masters 2017-18"]
[Site "Hastings ENG"]
[Date "2018.01.03"]
[Round "7.37"]
[White "Kearsley, Raymond J"]
[Black "Young, Mel J"]
[Result "1/2-1/2"]
[WhiteElo "1720"]
[BlackElo "1839"]
[WhiteFideId "470562"]
[BlackFideId "410357"]
[EventDate "2017.12.28"]

1. e4 c5 2. Nf3 d6 3. Bb5+ Bd7 4. Bxd7+ Nxd7 5. O-O e6 6. d4 Be7 7. Nc3 Ngf6 8.
e5 dxe5 9. dxe5 Ng4 10. Qe2 Qc7 11. Re1 O-O-O 12. h3 Nh6 13. Bf4 Nf5 14. a4 a6
15. Red1 h6 16. g4 g5 17. Bh2 Ng7 18. Rd2 h5 19. Qe3 hxg4 20. hxg4 Rh3 21. Rad1
Nf5 22. Qe4 Nd4 23. Nxd4 cxd4 24. Rxd4 Bc5 25. R4d2 f5 26. gxf5 Rh4 27. Qe2 Rxh2
28. Kxh2 Rh8+ 29. Kg2 Nxe5 30. Ne4 Qh7 31. Rd8+ Rxd8 32. Rxd8+ Kxd8 33. Nxc5
Qxf5 34. Nxb7+ Ke7 35. Qxa6 Qg4+ 1/2-1/2

[Event "Hastings Masters 2017-18"]
[Site "Hastings ENG"]
[Date "2018.01.04"]
[Round "8.24"]
[White "Berger, Konstantin"]
[Black "Graham, David B"]
[Result "1-0"]
[WhiteElo "2041"]
[BlackElo "2204"]
[WhiteFideId "1271841"]
[BlackFideId "408131"]
[EventDate "2017.12.28"]

1. e4 c5 2. c3 d5 3. exd5 Qxd5 4. d4 Nf6 5. Nf3 Bg4 6. dxc5 Qxd1+ 7. Kxd1 e5 8.
b4 e4 9. h3 Bh5 10. g4 Nxg4 11. hxg4 Bxg4 12. Nd2 Nc6 13. Kc2 exf3 14. Bb5 Be7
15. Re1 Be6 16. Nxf3 O-O 17. Bxc6 bxc6 18. Nd4 Rac8 19. Bf4 Bh4 20. Bd6 Rfe8 21.
Nxe6 Rxe6 22. Rxe6 fxe6 23. f4 Bf6 24. a4 a6 25. Rb1 Kf7 26. c4 Be7 27. Kc3 h5
28. Kd4 h4 29. b5 cxb5 30. axb5 axb5 31. Bxe7 Kxe7 32. cxb5 Kd7 33. Rg1 Rg8 34.
Rg4 h3 35. Rh4 Rf8 36. Rxh3 Rxf4+ 37. Kc3 Rg4 38. Rd3+ Kc8 39. Rf3 Rg1 40. Rf7
Rb1 41. Kc4 Rc1+ 42. Kb4 g5 43. c6 g4 44. Ka5 g3 45. Kb6 Kd8 46. Rg7 Rc3 47. Kb7
g2 48. Rxg2 Rc5 49. b6 1-0